Kouč - koučing - koučovanie - koučovací prístup

Odkiaľpochádza a čo to vlastne je koučing. Definícia, ktorá vychádza z International Coach Federation a jej obsah Slovenská asociácia koučov (SAKO) šíri a profesionalizuje v podmienkach Slovenska. Prístupy, realizácia a procesy koučingu.

Na minha lista:
Detalhes bibliográficos
Autor principal: Kurhajcová, Jarmila
Formato: Capítulo de Livro
Idioma:eslovaco
Assuntos:
Tags: Adicionar Tag
Sem tags, seja o primeiro a adicionar uma tag!

MARC

LEADER 00000naa a2200000 4500
001 0156615
005 20230912101559.5
041 0 |a slo 
044 |a SK 
245 1 0 |a Kouč - koučing - koučovanie - koučovací prístup  |c Jarmila Kurhajcová 
520 |a Odkiaľpochádza a čo to vlastne je koučing. Definícia, ktorá vychádza z International Coach Federation a jej obsah Slovenská asociácia koučov (SAKO) šíri a profesionalizuje v podmienkach Slovenska. Prístupy, realizácia a procesy koučingu. 
610 2 0 |a koučovanie 
610 2 0 |a štýl vedenia 
610 2 0 |a metódy riadenia 
610 2 0 |a technika riadenia 
610 2 0 |a rozhodovanie 
610 2 0 |a komunikácia 
610 2 0 |a ciele riadenia 
100 1 |a Kurhajcová, Jarmila